Welcome to CU Library Online Public Access Catalogue (OPAC)

Atlas of skeletal muscles / (Record no. 2227)

MARC details
000 -LEADER
fixed length control field 00837cam a22002534a 4500
001 - CONTROL NUMBER
control field 12687374
005 - DATE AND TIME OF LATEST TRANSACTION
control field 20241214145431.0
008 - FIXED-LENGTH DATA ELEMENTS--GENERAL INFORMATION
fixed length control field 020226s2003 maua 001 0 eng
020 ## - INTERNATIONAL STANDARD BOOK NUMBER
International Standard Book Number 0072350806
020 ## - INTERNATIONAL STANDARD BOOK NUMBER
International Standard Book Number 9780072350807
050 00 - LIBRARY OF CONGRESS CALL NUMBER
Classification number QM151
Item number .S76 2003
082 00 - DEWEY DECIMAL CLASSIFICATION NUMBER
Classification number 611/.73/0222
Edition information 21
100 1# - MAIN ENTRY--PERSONAL NAME
Personal name Stone, Robert J.
245 10 - TITLE STATEMENT
Title Atlas of skeletal muscles /
Statement of responsibility, etc. Robert J. Stone, Judith A. Stone.
250 ## - EDITION STATEMENT
Edition statement 4th ed.
260 ## - PUBLICATION, DISTRIBUTION, ETC.
Place of publication, distribution, etc. Boston :
Name of publisher, distributor, etc. McGraw-Hill,
Date of publication, distribution, etc. c2003.
300 ## - PHYSICAL DESCRIPTION
Extent ix, 217 p. :
Other physical details ill. ;
Dimensions 28 cm.
500 ## - GENERAL NOTE
General note Includes index.
650 #0 - SUBJECT ADDED ENTRY--TOPICAL TERM
Topical term or geographic name entry element Striated muscle
Form subdivision Atlases.
700 1# - ADDED ENTRY--PERSONAL NAME
Personal name Stone, Judith A.
856 42 - ELECTRONIC LOCATION AND ACCESS
Materials specified Publisher description
Uniform Resource Identifier <a href="http://www.loc.gov/catdir/description/mh022/2002025082.html">http://www.loc.gov/catdir/description/mh022/2002025082.html</a>
856 41 - ELECTRONIC LOCATION AND ACCESS
Materials specified Table of contents
Uniform Resource Identifier <a href="http://www.loc.gov/catdir/toc/mh021/2002025082.html">http://www.loc.gov/catdir/toc/mh021/2002025082.html</a>
942 ## - ADDED ENTRY ELEMENTS (KOHA)
Source of classification or shelving scheme Library of Congress Classification
Koha item type Books
Edition 4th ed.
Suppress in OPAC No
999 ## -
-- 2227
-- 2227
Holdings
Withdrawn status Lost status Source of classification or shelving scheme Damaged status Not for loan Collection Home library Current library Shelving location Date acquired Total checkouts Full call number Barcode Date last seen Copy number Price effective from Koha item type
    Library of Congress Classification     Non-fiction Science Library (Miotso) Science Library (Miotso) General stacks 12/14/2024   QM151 .S76 STO SLM00001449 12/14/2024 1 12/14/2024 Books
    Library of Congress Classification     Non-fiction Science Library (Miotso) Science Library (Miotso) General stacks 12/14/2024   QM151 .S76 STO SLM00001450 12/14/2024 2 12/14/2024 Books
    Library of Congress Classification     Non-fiction Science Library (Miotso) Science Library (Miotso) General stacks 12/14/2024   QM151 .S76 STO SLM00001451 12/14/2024 3 12/14/2024 Books
    Library of Congress Classification     Non-fiction Science Library (Miotso) Science Library (Miotso) General stacks 12/14/2024   QM151 .S76 STO SLM00001452 12/14/2024 4 12/14/2024 Books
© 2023-2024 Copyright: Central University Libraries. All Rights Reserved | Created by: Mahone Tech Office